AH International Schools' Libraries

Feelings: why do we feel different? (KHMER) / (Record no. 50264)

MARC details
000 -LEADER
fixed length control field 00295nam a2200109 4500
020 ## - INTERNATIONAL STANDARD BOOK NUMBER
International Standard Book Number 9789924342250
100 ## - MAIN ENTRY--PERSONAL NAME
Personal name Seng Ly
9 (RLIN) 86893
245 ## - TITLE STATEMENT
Title Feelings: why do we feel different? (KHMER) /
Statement of responsibility, etc Seng Ly
260 ## - PUBLICATION, DISTRIBUTION, ETC. (IMPRINT)
Place of publication, distribution, etc Cambodia
Name of publisher, distributor, etc Sipar
Date of publication, distribution, etc 2025
300 ## - PHYSICAL DESCRIPTION
Extent unpaged.
Other physical details col. ill.
Dimensions 17 cm.
942 ## - ADDED ENTRY ELEMENTS (KOHA)
Source of classification or shelving scheme
Koha item type Book
Holdings
Withdrawn status Lost status Source of classification or shelving scheme Damaged status Not for loan Collection code Home library Current library Date acquired Total Checkouts Full call number Barcode Date last seen Price effective from Koha item type
          Siem Riep Asian Hope Early Years Library Asian Hope Early Years Library 03/16/2026   KHMER 152.4 SEN 209896 03/16/2026 03/16/2026 Book

For any Logos Library related questions please contact Miss Art at swongnarasuk@asianhope.org.

For any Asian Hope Library related questions please contact Miss Raza at graza@asianhope.org.

Click here to explore our ebooks!

Powered by Koha